书目信息 |
| 书名: | Pure Dead Frozen | |
| 作者: | Debi Gliori | |
| 分册号: | ||
| 分册名: | 出版地: | America |
|
| 出版社: | Knopf Books for Young Readers | |
| 出版时间: | 2007 | |
| 页数: | 311p | |
| 开本: | 22cm | |
| 丛书名: | ||
| 中图分类号: | ||
| 科图分类号: | ||
| 其他分类号: | I712.4 | |
| 主题词: | ||
| 电子资源: | ||
| 000 | 00425nam0 2200157 450 | |
| 001 | 202012001975 | |
| 005 | 20121126092133.0 | |
| 008 | 12111601s | |
| 020 | @a9780375833175@c$15.99@bhard | |
| 099 | @dI712.4@eD2867 | |
| 245 | 10 | @aPure Dead Frozen @cDebi Gliori |
| 260 | 0 | @aAmerica@bKnopf Books for Young Readers @c2007 |
| 300 | @a311p@c22cm | |
| 905 | @b12425 | |
| 905 | @b11803 | |
| 905 | @aTSG@dI712.4@eD2867 | |
| Pure Dead Frozen / Debi Gliori .-America : Knopf Books for Young Readers , 2007 |
| 311p ; 22cm |
| ISBN 9780375833175hard$15.99 |
| ● |
| 相关链接 |
|
|
|
正题名:Pure Dead Frozen
索取号:I712.4/D2867
 
预约/预借
| 序号 | 登录号 | 条形码 | 馆藏地/架位号 | 状态 | 备注 |